Optica

Saved in:
Bibliographic Details
Main Author: Hecht, Eugene (Author)
Format: Book
Language:Spanish
Published: Madrid Pearson Educación 2000
Edition:3a. ed
Subjects:
Tags: Add Tag
No Tags, Be the first to tag this record!

MARC

LEADER 00000cam a2200000 a 4500
001 UCF4323
003 CL-VaPUC
008 121130e20000000SP |||||||||||||||||spa|d
020 |a 9788478290253 
082 0 4 |a 535  |b HEC  |2 21 
100 |a Hecht, Eugene  |e author  |9 565824 
245 1 0 |a Optica 
250 |a 3a. ed 
300 |a 708 p 
942 |c BK 
945 |d 20121130 00:00:00  |a dcastane 
260 |a Madrid  |b Pearson Educación  |c 2000 
650 0 |a Optica   |9 263171 
650 0 |a Propagación de ondas  |9 263256 
650 7 |a FOTONES  |2 CL-VaPUC  |9 322929 
650 0 |a Luz  |9 263172 
650 0 |a Electromagnetismo   |9 260123 
583 |a last modification  |c 20121130 23:21:00  |k Rodrigo Vera 
999 |c 350130  |d 350128 
952 |0 0  |1 0  |4 0  |6 535_000000000000000_HEC_2000  |7 0  |8 A  |9 453308  |a BIBCUR  |b BIBCUR  |d 2019-11-22  |i 4927974  |l 30  |m 9  |o 535 HEC 2000  |p 4927974  |r 2025-05-05  |s 2025-04-15  |w 2019-11-22  |y BK  |k FIS 
952 |0 0  |1 0  |4 0  |6 535_000000000000000_HEC_2000  |7 0  |8 A  |9 453309  |a BIBCUR  |b BIBCUR  |d 2019-11-22  |i 4927982  |l 31  |m 14  |o 535 HEC 2000  |p 4927982  |q 2025-05-12  |r 2025-04-28  |s 2025-04-28  |w 2019-11-22  |y BK  |k FIS 
952 |0 0  |1 0  |4 0  |6 535_000000000000000_HEC_2000  |7 0  |8 A  |9 453310  |a BIBCUR  |b BIBCUR  |d 2019-11-22  |i 4974883  |l 31  |m 16  |o 535 HEC 2000  |p 4974883  |r 2025-04-22  |s 2025-03-12  |w 2019-11-22  |y BK  |k TEM